| 000 | 00470nam a2200133Ia 4500 | ||
|---|---|---|---|
| 008 | 260210s9999 xx 000 0 und d | ||
| 024 | _a15B-025-CS, 15B-026-CS, 15B-048-CS & 15B-049-CS | ||
| 082 | _a005.76072 MUH | ||
| 100 | _aMuhammad Yaseen Khalid, Shayan Ullah Khan, Muzammil Ali & Syed Talha Maqsood | ||
| 245 | 0 | _aDeaf Talk MYO (CODE BOOK) | |
| 260 |
_aKarachi: _bUITU, _c2015 |
||
| 600 | _aComputer Science | ||
| 650 | _aBachelor of Computer Science (BS) | ||
| 999 |
_c32327 _d32327 |
||